Grammatik ist Klasse! A1 : selbstständig Deutsch üben /

Main Author: Dammann, Arwen
Other Authors: Fleer, Sarah
Language: German
Published: Stuttgart : Ernst Klett Sprachen, [2024]
Edition: 1. Auflage
Subjects:
Online Access: Zvukové nahrávky, gramatické klipy, řešení, seznamy sloves a slovník gramatických termínů na
Physical Description: 96 stran : barevné ilustrace ; 30 cm
Book
Saved in:
LEADER 01911nam a2200493 i 4500
001 001947757
003 CZ BrMZK
005 20251003133827.0
007 ta
008 250918t20242024gw a g p 000 0 ger
020 |a 978-3-12-675964-9  |q (brožováno) 
040 |a BOA001  |b cze  |e rda 
072 7 |a 811.112.2  |x Němčina  |2 Konspekt  |9 11 
072 7 |a 37.016  |x Učební osnovy. Vyučovací předměty. Učebnice  |2 Konspekt  |9 22 
080 |a 811.112.2  |2 MRF 
080 |a 81'36  |2 MRF 
080 |a (076.1)  |2 MRF 
080 |a (07.062)81  |2 MRF 
100 1 |a Dammann, Arwen  |7 ola20201079719  |4 aut 
245 1 0 |a Grammatik ist Klasse! A1 :  |b selbstständig Deutsch üben /  |c Autorin: Arwen Schnack und Sarah Fleer 
250 |a 1. Auflage 
264 1 |a Stuttgart :  |b Ernst Klett Sprachen,  |c [2024] 
264 4 |c ©2024 
300 |a 96 stran :  |b barevné ilustrace ;  |c 30 cm 
336 |a text  |b txt  |2 rdacontent 
337 |a bez média  |b n  |2 rdamedia 
338 |a svazek  |b nc  |2 rdacarrier 
500 |a "Trainingsheft"--Obálka 
500 |a Obsahuje QR kód ke stažení doplňkových materiálů 
650 0 7 |a němčina  |7 ph115512  |2 czenas 
650 0 7 |a mluvnice  |7 ph115331  |2 czenas 
650 0 9 |a German language  |2 eczenas 
650 0 9 |a grammar  |2 eczenas 
653 0 |a jazyková úroveň A1 
655 7 |a pracovní sešity  |7 fd133116  |2 czenas 
655 7 |a jazykové učebnice, texty, příručky (A)  |7 fd600889  |2 czenas 
655 9 |a activity books  |2 eczenas 
655 9 |a language textbooks, texts, handbooks (A)  |2 eczenas 
700 1 |a Fleer, Sarah  |7 xx0219825  |4 aut 
856 4 2 |3 Zvukové nahrávky, gramatické klipy, řešení, seznamy sloves a slovník gramatických termínů na  |u https://www.allango.net 
910 |a BOA001  |b NK-0008.655 
990 |a BK 
991 |b 202510  |c NOV  |x 44 
996 7 |b 261D011123  |c NK-0008.655  |l Německá knihovna/2.patro  |r ZHR  |n 3  |p dar  |h D-übung  |w 002018865  |u 000010  |a 0  |e BOA001  |j MZK50  |s A